000 00575nam a2200217Ia 4500
003 OSt
005 20220926040559.0
006 a|||||r|||| 00| 0
007 ta
008 220923b |||||||| |||| 00| 0 eng d
037 _cGeneral Book
040 _aRTL
_cRTL
_beng
041 _2eng
_aeng
082 _aX.45.N3, G7;1
100 _aGupta Raj Narain
_9343803
245 0 _aIran
_b An economic study
260 _c1937
650 _aEconomic Condition Iran
_9255043
942 _hX.45.N3, G7;1
_cGB
_2CC
999 _c665118
_d665118